000 00382cam a2200145ua 4500
041 _aeng
_h
082 _a301
_bKOE/SO
100 _aKoening, Samuel .
245 _aSociology :an introduction to science of society /
_cSamuel Koening.
_hTextual Documents
260 _aNewyork :
_bBarner & Noble ,
_c1979.
300 _a339 ; .
504 _a
942 _cBK
999 _c3199
_d3199